Statistics for Mystery Taylor Swift Song #16

Click here to take the quiz!

General Stats

  • This quiz has been taken 690 times
    (591 since last reset)
  • The average score is 41 of 131

Answer Stats

Song% Correct
I
88%
you
87%
Fearless TV
84%
a
80%
the
78%
me
75%
me'
75%
be
69%
we
69%
your
68%
and
67%
it
63%
on
63%
to
63%
do
62%
where
62%
in
61%
so
55%
that
55%
Were
55%
then
53%
of
52%
'don't
51%
no
51%
all
50%
It's
50%
can
49%
Was
49%
what
48%
like
46%
too
46%
They
45%
but
43%
know
43%
can't
42%
With
42%
Had
38%
how
38%
see
38%
over
37%
time
37%
got
36%
I've
36%
one
36%
'Cause
35%
I'd
35%
never
35%
been
34%
did
34%
day
32%
has
32%
off
32%
out
32%
way
32%
You All Over Me
31%
get
30%
every
29%
Now
29%
'em
28%
last
28%
here
26%
long
26%
best
25%
rain
25%
still
25%
Once
23%
breath
22%
change
22%
right
22%
hands
20%
pocket
20%
Shouldn't
20%
breathe
19%
drop
19%
leave
19%
lost
19%
meant
19%
wish
19%
amount
18%
clean
18%
find
18%
gets
18%
old
18%
worst
18%
freedom
17%
met
17%
really
17%
Reminds
17%
turn
17%
used
17%
around
16%
dried
16%
knows
16%
lived
16%
pavement
16%
pockets
16%
burned
15%
cried
15%
die
15%
dollar
15%
God
15%
Held
15%
learned
15%
spent
15%
tears
15%
found
14%
grin
14%
June
14%
myself
14%
stain
14%
Swore
14%
traded
14%
walls
14%
wasted
14%
air
13%
bathroom
13%
child
13%
county
13%
graffiti
13%
muddy
13%
part
13%
roads
13%
scratch
13%
stalls
13%
watched
13%
lied
12%
melted
12%
smiled
12%
tires
12%
underneath
12%
stones
11%

Score Distribution

Percentile by Number Answered

Percent of People with Each Score

Your Score History

You have not taken this quiz since the last reset